Development and Evaluation of Drugs (Record no. 2592)
| 000 -LEADER | |
|---|---|
| fixed length control field | 00558nam a22001697a 4500 |
| 003 - CONTROL NUMBER IDENTIFIER | |
| control field | OSt |
| 005 - DATE AND TIME OF LATEST TRANSACTION | |
| control field | 20260202155050.0 |
| 008 - FIXED-LENGTH DATA ELEMENTS--GENERAL INFORMATION | |
| fixed length control field | 250703b |||||||| |||| 00| 0 eng d |
| 040 ## - CATALOGING SOURCE | |
| Transcribing agency | The Outspan Global University |
| 050 ## - LIBRARY OF CONGRESS CALL NUMBER | |
| Classification number | RM301.25 |
| Item number | .L44 2003 |
| 100 ## - MAIN ENTRY--PERSONAL NAME | |
| Personal name | Lee Chi Jen , |
| Relator term | Author |
| 245 ## - TITLE STATEMENT | |
| Title | Development and Evaluation of Drugs |
| Remainder of title | From Laboratory through Licensure to Market |
| Statement of responsibility, etc. | Chi-jen Lee, Lucia H. Lee, Cheng-Hsiung Lu. |
| 250 ## - EDITION STATEMENT | |
| Edition statement | 2nd ed. |
| 260 ## - PUBLICATION, DISTRIBUTION, ETC. | |
| Name of publisher, distributor, etc. | CRC Press |
| Date of publication, distribution, etc. | c2003 |
| 700 ## - ADDED ENTRY--PERSONAL NAME | |
| Personal name | Lu Cheng-Hsiung , Lee Lucia H. |
| Relator term | Author |
| 942 ## - ADDED ENTRY ELEMENTS (KOHA) | |
| Source of classification or shelving scheme | Library of Congress Classification |
| Koha item type | Books |
| Suppress in OPAC | No |
| Withdrawn status | Lost status | Source of classification or shelving scheme | Damaged status | Not for loan | Home library | Current library | Date acquired | Total checkouts | Full call number | Barcode | Date last seen | Price effective from | Koha item type |
|---|---|---|---|---|---|---|---|---|---|---|---|---|---|
| Library of Congress Classification | Main Campus | 3rd Floor Main Library | 07/03/2025 | RM301.25.L44 2003 | 104605 | 07/03/2025 | 07/03/2025 | Books | |||||
| Library of Congress Classification | Main Campus | 3rd Floor Main Library | 07/03/2025 | RM301.25.L44 2003 | 104607 | 07/03/2025 | 07/03/2025 | Books | |||||
| Library of Congress Classification | Main Campus | 3rd Floor Main Library | 07/03/2025 | RM301.25.L44 2003 | 104608 | 07/03/2025 | 07/03/2025 | Books | |||||
| Library of Congress Classification | Main Campus | 3rd Floor Main Library | 07/03/2025 | RM301.25.L44 2003 | 104609 | 07/03/2025 | 07/03/2025 | Books | |||||
| Library of Congress Classification | Main Campus | 3rd Floor Main Library | 07/03/2025 | RM301.25.L44 2003 | 104610 | 07/03/2025 | 07/03/2025 | Books | |||||
| Library of Congress Classification | Main Campus | 3rd Floor Main Library | 07/03/2025 | RM301.25.L44 2003 | 104611 | 07/03/2025 | 07/03/2025 | Books | |||||
| Library of Congress Classification | Main Campus | 3rd Floor Main Library | 07/03/2025 | RM301.25.L44 2003 | 104612 | 07/03/2025 | 07/03/2025 | Books |
